Giáo Trình Phương Pháp Tính (Lưu hành nội bộ)

Сохранить в:
Библиографические подробности
Главный автор: Bùi Tuấn Khang (Tác giả)
Другие авторы: Bùi Tuấn Khanh (Tác giả)
Формат:
Язык:Vietnamese
Опубликовано: Tp.Đà Nẵng Đại Học Đà Nẵng 2003
Предметы:
Метки: Добавить метку
Нет меток, Требуется 1-ая метка записи!
Thư viện lưu trữ: Mạng thư viện Đại học Đà Nẵng
LEADER 01026nam a2200301 4500
001 000007723
003 3887
005 20120910150940.0
008 111011s2003 viesd
041 0 |a vie 
082 |a 511  |b BU-K 
100 0 |a Bùi Tuấn Khang  |e Tác giả 
245 0 |a Giáo Trình Phương Pháp Tính  |b (Lưu hành nội bộ)  |c Bùi Tuấn Khang 
260 |a Tp.Đà Nẵng  |b Đại Học Đà Nẵng  |c 2003 
300 |a 115 tr.  |c 30 cm 
653 |a Phương pháp tính 
700 |a Bùi Tuấn Khanh  |e Tác giả 
910 |a Đỗ Phú Quý  |d 11/10/2011 
OWN |a LSP 
AVA |a UDN50  |b LSP  |d 511 BU-K  |e check_holdings  |t Error 5003 Not defined in file expand_doc_bib_avail.  |h N  |k 1 
999 |a From the UDN01 
AVA |a UDN50  |b LSP  |d 511 BU-K  |e available  |t Error 5001 Not defined in file expand_doc_bib_avail.  |f 148  |g 0  |h N  |i 1  |k 1 
TYP |a Monograph 
TYP |a Printed language 
980 |a Mạng thư viện Đại học Đà Nẵng